000 00314nam a22001337a 4500
999 _c12172
_d12172
020 _a978-93259-7562-0
082 _a621.31
100 _aK R Siddhapura
245 _aA Textbook of Electrical Machines
260 _aNew Delhi
_bVikas
_c2015
300 _a854
650 _aElectrical Engineering
942 _cBK